Statistics for One piece characters by devil fruit

Click here to take the quiz!

General Stats

  • This quiz has been taken 309 times
    (304 since last reset)
  • The average score is 12 of 14

Answer Stats

HintAnswer% Correct
Gum fruitLuffy
96%
Dark fruitBlackbeard
92%
Magma fruitAkainu
91%
Light fruitKizaru
90%
Leopard fruitLucci
90%
Smooth fruitAlvida
87%
Ice fruitAokiji
87%
Human fruit model humanChopper
86%
Giraffe fruitKaku
86%
Venom fruitMagellan
86%
Diamond fruitVista
85%
Human fruit model buddhaSengoku
82%
Chop fruitBuggy
81%
Tremor fruitWhitebeard
80%

Score Distribution

Percentile by Number Answered

Percent of People with Each Score

Your Score History

You have not taken this quiz since the last reset